niemiecki kl 1 lo poz podstawowy dzial 4 Pearson - Statystyki

Ogólne statystyki
  • Ten quiz został rozwiązany 7 razy
  • Średni wynik to 14 z 42
Statystyki odpowiedzi
Hint Odpowiedź % Poprawnych
groBelstern dziadkowie
100%
die Tante ciocia
75%
die Tochter corka
75%
die enkelin -nen wnuczka
75%
der enkel wnuk
75%
die enkelkinder wnuki
75%
lieb kochany
50%
faul leniwy
50%
hilfsbereit pomocny
50%
geschieden rozwiedziony
50%
krewny verwandte
50%
viele neue kontakte wiele nowych kontaktow
50%
die Zwillinge bliznieta
25%
kindish dziecinny
25%
doof glupi
25%
krach / streit haben klocic sie
25%
den Rasen maEhen kosic trawnik
25%
klug madry
25%
reperieren naprawiac
25%
Es gefaEllt mir (nicht) (Nie) podoba mi sie
25%
(un)gerecht (nie)sprawiedliwy
25%
statt|finden odbywac sie
25%
Staub saugen odkurzac
25%
mutig odwazny
25%
viel unternehmen organizowac wiele
25%
often otwarty
25%
gut verstehen rozumiec dobrze
25%
sueB slodki
25%
ledig stanu wolnego
25%
den Hund aus|fuEhren wyprowadzac psa
25%
launisch zabawny
25%
aus ganz Europa z calej europy
25%
gut kennen znac dobrze
25%
verheiratet zonaty/zonata
25%
getrennt leben zyc osobno
25%
zusammen zyc razem
25%
mit|nehmen brac ze soba
0%
gut laufen isc dobrze
0%
buEgeln prasowac
0%
das geschenk prezent
0%
zeit verbringen spedzac czas
0%
halten trzymac sie razem
0%
Nie znaleziono quizów pasujących do podanych kryteriów
Rozkład punktacji
Procent ludzi z każdym wynikiem
Percentyl według liczby udzielonych odpowiedzi
Twoja historia wyników
Nie rozwiązałeś tego quizu